000 00508nam a2200169Ia 4500
008 090123s9999 xx 000 0 und d
082 _b1979
100 _aसाखळकर च.म.
245 _aचंद्रावर माणुस
250 _a1
260 _bसुलभ मु.
600 _aसाखळकर च.म.
630 _aचंद्रावर माणुस
700 _aसाखळकर च.म.
730 _aचंद्रावर माणुस
942 _cBOOK
999 _c40061
_d40061